| 000 | 00614nam a2200217 i 4500 | ||
|---|---|---|---|
| 001 | 27084 | ||
| 003 | ES-MaACL | ||
| 005 | 20230906153545.0 | ||
| 007 | t| | ||
| 008 | 030113s1965 sp 00110 spa d | ||
| 080 | _a299.991(=916.9) | ||
| 100 | 1 |
_aArrinda, Anastasio. _923322 |
|
| 245 | 1 | 0 |
_aReligión prehistórica de los vascos / _cAnastasio Arrinda. |
| 260 |
_aSan Sebastián : _bAuñamendi, _c[1965] |
||
| 300 |
_a298 p. : _bil. ; _c22 cm. |
||
| 490 | 1 |
_aAzkue ; _v10 |
|
| 650 | 4 |
_aVascos- _xReligión. _9174653 |
|
| 830 | 1 |
_aAzkue ; _v10 _9186375 |
|
| 852 | 4 |
_aES-MaACL _jC-28699 |
|
| 999 |
_c27084 _d27084 |
||